000
00266nam a22001097a 4500
008
160518b xxu||||| |||| 00| 0 eng d
020
_a
9780323074056
041
_a
eng
080
_a
61
245
_a
Diagnostic and laboratory test reference:
_c
Pagana;
942
_2
udc
_c
BK
999
_c
2178
_d
2178